书目信息 |
| 题名: |
王化学文论自选集
|
|
| 作者: | 王化学 著 | |
| 分册: | ||
| 出版信息: | 北京 中华书局 2020.3 |
|
| 页数: | 634页 | |
| 开本: | 25cm | |
| 丛书名: | ||
| 单 册: | ||
| 中图分类: | I106-53 , J06-53 | |
| 科图分类: | ||
| 主题词: | 世界文学--shi jie wen xue--文学研究--文集 , 造型艺术--zao xing yi shu--文集 | |
| 电子资源: | ||
| ISBN: | 978-7-101-14594-6 | |
| 000 | 01086nam0 2200253 450 | |
| 001 | 2131060871 | |
| 005 | 20211029202829.0 | |
| 010 | @a978-7-101-14594-6@b精装@dCNY128.00 | |
| 100 | @a20200615d2020 em y0chiy0110 ea | |
| 101 | 0 | @achi |
| 102 | @aCN@b110000 | |
| 105 | @ay z 000yy | |
| 106 | @ar | |
| 200 | 1 | @a王化学文论自选集@Awang hua xue wen lun zi xuan ji@f王化学著 |
| 210 | @a北京@c中华书局@d2020.3 | |
| 215 | @a634页@d25cm | |
| 330 | @a本书分为文学和造型艺术两块,前者涉及英法德意美诸西方国家及个别拉美国家的文学,后者主要涉及文艺复兴的意大利造型艺术。就性质来说,均为作家(包括艺术家)或作品(包括艺术作品)论。所论各家,大多属本人尤为钟爱而持久关注者,如莎士比亚、拜伦、雪莱,以及意大利“艺坛三杰”。对其及其杰作之解读,乃是在占有材料并充分辨析理解的基础上,尽可能深入于研究客体,而获致独立思考之结果。 | |
| 606 | 0 | @a世界文学@Ashi jie wen xue@x文学研究@j文集 |
| 606 | 0 | @a造型艺术@Azao xing yi shu@j文集 |
| 690 | @aI106-53@v5 | |
| 690 | @aJ06-53@v5 | |
| 701 | 0 | @a王化学@Awang hua xue@4著 |
| 801 | 0 | @aCN@b百万庄@c20211029 |
| 905 | @b1313655-58@dI106-53@e314@f4 | |
| 王化学文论自选集/王化学著.-北京:中华书局,2020.3 |
| 634页;25cm |
| ISBN 978-7-101-14594-6(精装):CNY128.00 |
| 本书分为文学和造型艺术两块,前者涉及英法德意美诸西方国家及个别拉美国家的文学,后者主要涉及文艺复兴的意大利造型艺术。就性质来说,均为作家(包括艺术家)或作品(包括艺术作品)论。所论各家,大多属本人尤为钟爱而持久关注者,如莎士比亚、拜伦、雪莱,以及意大利“艺坛三杰”。对其及其杰作之解读,乃是在占有材料并充分辨析理解的基础上,尽可能深入于研究客体,而获致独立思考之结果。 |
| ● |
| 相关链接 |
|
|
|
|
正题名:王化学文论自选集
索取号:I106-53/314
 
预约/预借
| 序号 | 登录号 | 条形码 | 馆藏地/架位号 | 状态 | 备注 |
| 1 | 1313655 | 213136550 | 第一样本阅览室/ [索取号:I106-53/314] | 在馆 | |
| 2 | 1313656 | 213136569 | 第二借阅区/ [索取号:I106-53/314] | 在馆 | |
| 3 | 1313657 | 213136578 | 第二借阅区/ [索取号:I106-53/314] | 在馆 | |
| 4 | 1313658 | 213136587 | 第二借阅区/ [索取号:I106-53/314] | 在馆 |